000 00450nam a2200157 i 4500
001 79673
003 ES-MaACL
005 20230906174028.0
007 t|
008 041022s1971 sp ||||1| spa d
100 1 _aHernando Navarro, José.
_963112
245 1 4 _aLos consumidores ante la empresa y su reforma /
_cJosé Hernando Navarro.
260 _aMadrid :
_bCabal,
_c[1971]
300 _a143 p. ;
_c17 cm.
852 _aES-MaACL
_jC-45510
_bR.78990
999 _c79673
_d79673